International human rights. (Record no. 162533)
[ view plain ]
| 000 -LEADER | |
|---|---|
| fixed length control field | 00618cam0a220020500 4500 |
| 001 - CONTROL NUMBER | |
| control field | zam00000473 |
| 008 - FIXED-LENGTH DATA ELEMENTS--GENERAL INFORMATION | |
| fixed length control field | 951128s1990 xx eng u |
| 020 ## - INTERNATIONAL STANDARD BOOK NUMBER | |
| International Standard Book Number | 0870843680 |
| 035 ## - SYSTEM CONTROL NUMBER | |
| System control number | (Sirsi) r17987 |
| 035 ## - SYSTEM CONTROL NUMBER | |
| System control number | (MACHINE)00680 |
| 100 1# - MAIN ENTRY--PERSONAL NAME | |
| Personal name | Newman, Frank. |
| Linkage | A47367.1 |
| 245 10 - TITLE STATEMENT | |
| Title | International human rights. |
| 260 ## - PUBLICATION, DISTRIBUTION, ETC. | |
| Place of publication, distribution, etc. | Cincinnati : |
| Name of publisher, distributor, etc. | Anderson, |
| Date of publication, distribution, etc. | 1990. |
| 504 ## - BIBLIOGRAPHY, ETC. NOTE | |
| Bibliography, etc. note | Includes bibliographical references. |
| 650 ## - SUBJECT ADDED ENTRY--TOPICAL TERM | |
| Topical term or geographic name entry element | Human rights. |
| Linkage | S53.2 |
| 700 ## - ADDED ENTRY--PERSONAL NAME | |
| Personal name | F. Newman and D. Wissbrodt. |
| Linkage | A76652.1 |
| 949 ## - LOCAL PROCESSING INFORMATION (OCLC) | |
| a | KJ/605 |
| w | lcc |
| i | -14422 |
| p | 2500 |
| t | BOOK |
| l | ON-SHELF |
| 900 ## - EQUIVALENCE OR CROSS-REFERENCE-PERSONAL NAME [LOCAL, CANADA] | |
| -- | 1990 |
| Field link and sequence number | KJ/605 |
| -- | NEW |
| Titles and other words associated with a name | 1 |
| Name of part/section of a work | 2500 |
No items available.